000 00398nam a2200145Ia 4500
008 220217s9999||||xx |||||||||||||| ||und||
020 _a81-88237-94-9
082 _a620.004 MUR
100 _aMurthy, Trymbaka, S
245 0 _aComputer aided engineering drawing
250 _a3rd
260 _aIK International publishing house
_bNew Delhi
_c2010
300 _b195
650 _aMECHANICHAL
999 _c180135
_d180135